Normal view
MARC view
- Mahmood, Dr. Safdar
Entry Personal Name
001 - CONTROL NUMBER
- control field: 105021
003 - CONTROL NUMBER IDENTIFIER
- control field: NUST
005 - DATE AND TIME OF LATEST TRANSACTION
- control field: 20221215171448.0
008 - FIXED-LENGTH DATA ELEMENTS
- fixed length control field: 221215|| aca||aabn | a|a d
040 ## - CATALOGING SOURCE
- Original cataloging agency: NUST
- Transcribing agency: NUST
100 ## - HEADING--PERSONAL NAME
- Personal name: Mahmood, Dr. Safdar
670 ## - SOURCE DATA FOUND
- Source citation: Work cat.: (NUST)184301: Mahmood, Dr. Safdar , International affairs /, 2000
